Normal view
MARC view
- Barton, Laurence
Entry Personal Name
001 - CONTROL NUMBER
- control field: 3215
003 - CONTROL NUMBER IDENTIFIER
- control field: OSt
005 - DATE AND TIME OF LATEST TRANSACTION
- control field: 20200622121915.0
008 - FIXED-LENGTH DATA ELEMENTS
- fixed length control field: 200622|| aca||aabn | a|a d
040 ## - CATALOGING SOURCE
- Original cataloging agency: OSt
- Transcribing agency: OSt
100 ## - HEADING--PERSONAL NAME
- Personal name: Barton, Laurence
670 ## - SOURCE DATA FOUND
- Source citation: Work cat.: (OSt): Barton, Laurence, CRISIS in Organizations : Managing and Communicating in the Heat of Chaos , c1993
